[Event "EU-ch Amateur U2300"]
[Site "Zagreb"]
[Date "2022.08.20"]
[Round "8"]
[White "Begic, Domagoj"]
[Black "Vujec, Ivan"]
[Result "0-1"]
[WhiteElo "2026"]
[BlackElo "2192"]
[PlyCount "134"]
[EventDate "2022.08.14"]
[EventType "swiss"]
[EventRounds "9"]
[EventCountry "CRO"]
[SourceTitle "CBM 210 Extra"]
[Source "ChessBase"]
[SourceDate "2022.11.30"]
[SourceVersion "1"]
[SourceVersionDate "2022.11.30"]
[SourceQuality "1"]

1. e4 c6 2. Nc3 d5 3. Nf3 Bg4 4. h3 Bxf3 5. Qxf3 e6 6. d3 Nd7 7. Bd2 a6 8. 0-0-0 Ne7 9. Qg3 Ng6 10. f4 Qc7 11. Qf2 d4 12. Ne2 c5 13. c3 e5 14. g3 Bd6 15. fxe5 dxc3 16. Nxc3 Bxe5 17. Nd5 Qd6 18. Rg1 Ne7 19. Ne3 Bd4 20. Nc4 Qe6 21. Be3 b5 22. Bxd4 cxd4 23. Na3 Qxa2 24. Qxd4 f6 25. Kd2 Ne5 26. Ke3 0-0 27. Be2 Qe6 28. Kf2 Qxh3 29. Qd6 Rae8 30. Rh1 Qd7 31. Qxd7 Nxd7 32. d4 Rc8 33. Rc1 g6 34. Bf3 Rxc1 35. Rxc1 Rc8 36. Rxc8+ Nxc8 37. Ke3 Nd6 38. b3 Kf7 39. Be2 Ke6 40. Nc2 Nb6 41. Bf3 Nb7 42. Kd3 a5 43. Kc3 Nd6 44. Ne3 f5 45. Kd3 fxe4+ 46. Bxe4 Nxe4 47. Kxe4 h5 48. Ng2 Nd5 49. Nh4 g5 50. Nf3 Nf6+ 51. Kd3 Kf5 52. Ne5 Nd5 53. Nc6 a4 54. bxa4 bxa4 55. Ne5 a3 56. Kc2 Ne3+ 57. Kb3 Nf1 58. g4+ hxg4 59. Kxa3 g3 60. Nf3 g2 61. d5 Nd2 62. d6 Nc4+ 63. Kb4 Nxd6 64. Kc5 Kf4 65. Ng1 Nf5 66. Kd5 g4 67. Kc4 Ke3 0-1

[Event "EU-ch Amateur U2300"]
[Site "Zagreb"]
[Date "2022.08.17"]
[Round "5"]
[White "Starcevic, Ante Leon"]
[Black "Begic, Domagoj"]
[Result "1/2-1/2"]
[WhiteElo "2152"]
[BlackElo "2026"]
[PlyCount "31"]
[EventDate "2022.08.14"]
[EventType "swiss"]
[EventRounds "9"]
[EventCountry "CRO"]
[SourceTitle "CBM 210 Extra"]
[Source "ChessBase"]
[SourceDate "2022.11.30"]
[SourceVersion "1"]
[SourceVersionDate "2022.11.30"]
[SourceQuality "1"]

1. d4 d5 2. Nf3 Nf6 3. c3 e6 4. Bf4 Bd6 5. Bg3 Nbd7 6. Nbd2 Qe7 7. e3 e5 8. dxe5 Nxe5 9. Nxe5 Bxe5 10. Bxe5 Qxe5 11. Qa4+ c6 12. Qd4 Qe7 13. Bd3 Bd7 14. Nf3 0-0 15. Qh4 Rfe8 16. 0-0 1/2-1/2

[Event "CRO-ch U17/19"]
[Site "Split"]
[Date "2022.07.29"]
[Round "7"]
[White "Begic, Domagoj"]
[Black "Novosel, Lovro"]
[Result "0-1"]
[WhiteElo "1990"]
[BlackElo "2255"]
[PlyCount "86"]
[EventDate "2022.07.25"]
[EventType "swiss"]
[EventRounds "9"]
[EventCountry "CRO"]
[SourceTitle "EXT 2023"]
[Source "ChessBase"]
[SourceDate "2022.10.05"]
[SourceVersion "1"]
[SourceVersionDate "2022.10.05"]
[SourceQuality "1"]

1. Nf3 Nf6 2. d4 g6 3. g3 Bg7 4. Bg2 c5 5. c3 0-0 6. 0-0 Qc7 7. Nbd2 d6 8. e3 Nbd7 9. Qc2 Rb8 10. a4 b6 11. Qd3 Bb7 12. Ng5 Rfe8 13. f4 cxd4 14. exd4 Bxg2 15. Kxg2 e5 16. dxe5 dxe5 17. f5 Nc5 18. Qc4 Qb7+ 19. Kg1 e4 20. b4 Na6 21. fxg6 hxg6 22. Ndxe4 Nxe4 23. Rxf7 Nd6 24. Rxb7+ Nxc4 25. Rxa7 Bxc3 26. Rb1 Ra8 27. Rxa8 Rxa8 28. a5 b5 29. Bf4 Nxb4 30. Ne4 Bd4+ 31. Kg2 Nd3 32. Rxb5 Re8 33. Ng5 Nxf4+ 34. gxf4 Re2+ 35. Kg3 Nd6 36. Rd5 Nf5+ 37. Kf3 Re3+ 38. Kg2 Re7 39. Rd8+ Kg7 40. a6 Be3 41. Kf3 Ra7 42. h4 Bb6 43. Kg4 Bxd8 0-1

[Event "Bosnjaci op 26th"]
[Site "Bosnjaci"]
[Date "2022.01.04"]
[Round "3"]
[White "Dutina, Dario"]
[Black "Begic, Domagoj"]
[Result "1-0"]
[WhiteElo "2197"]
[BlackElo "1914"]
[PlyCount "97"]
[EventDate "2022.01.03"]
[EventType "swiss"]
[EventRounds "9"]
[EventCountry "CRO"]
[SourceTitle "EXT 2023"]
[Source "ChessBase"]
[SourceDate "2022.10.05"]
[SourceVersion "1"]
[SourceVersionDate "2022.10.05"]
[SourceQuality "1"]

1. e4 c6 2. Bc4 d5 3. Bb3 e6 4. d4 dxe4 5. Nc3 Nf6 6. Nge2 Nbd7 7. Ng3 Be7 8. 0-0 0-0 9. Ncxe4 Nxe4 10. Nxe4 Nf6 11. Qd3 b6 12. c3 Bb7 13. Bc2 Nxe4 14. Qxe4 g6 15. Bh6 Re8 16. Rfe1 Bf6 17. Bf4 Qd5 18. Be5 Bxe5 19. dxe5 Qxe4 20. Bxe4 Red8 21. Rad1 Kf8 22. b4 b5 23. c4 bxc4 24. b5 Rd5 25. Bxd5 cxd5 26. f3 Ke7 27. Kf2 Kd7 28. Ke3 Kc7 29. Kd4 Kb6 30. Rb1 Rc8 31. Re3 Rc5 32. a4 Rc7 33. g4 Ka5 34. f4 Bc8 35. Rh3 Kxa4 36. b6 axb6 37. Rxb6 Bd7 38. Rc3 Ka5 39. Rb8 Ba4 40. Ra3 Ra7 41. Ra1 h5 42. gxh5 gxh5 43. h4 Ra6 44. Rb7 Ra8 45. Rxf7 Ra6 46. Re7 Kb4 47. Rb7+ Ka5 48. Rbb1 Ra7 49. Rxa4+ 1-0

[Event "CRO-chT U20 30th"]
[Site "Rabac"]
[Date "2021.04.10"]
[Round "10.1"]
[White "Jakrlin, Mihael"]
[Black "Begic, Domagoj"]
[Result "1-0"]
[WhiteElo "2106"]
[BlackElo "1706"]
[PlyCount "37"]
[EventDate "2021.04.06"]
[EventType "team-tourn"]
[EventRounds "11"]
[EventCountry "CRO"]
[SourceTitle "CBM 201 Extra"]
[Source "ChessBase"]
[SourceDate "2021.05.31"]
[SourceVersion "1"]
[SourceVersionDate "2021.05.31"]
[SourceQuality "1"]
[WhiteTeam "Rijeka Junior U20"]
[BlackTeam "Dubrovnik U20"]
[WhiteTeamCountry "CRO"]
[BlackTeamCountry "CRO"]

1. Nf3 d6 2. d4 g6 3. Nc3 Bg7 4. e4 Nf6 5. Bf4 0-0 6. Qd2 Nbd7 7. 0-0-0 a6 8. h4 h5 9. e5 Nh7 10. Rg1 Nb6 11. Be2 dxe5 12. Nxe5 Bxe5 13. Bxe5 Nf6 14. Qh6 Bd7 15. g4 hxg4 16. Bxg4 Bxg4 17. Rxg4 Qd7 18. Rdg1 Qf5 19. Rg5 1-0

[Event "CRO-chT U20 30th"]
[Site "Rabac"]
[Date "2021.04.06"]
[Round "1.1"]
[White "Begic, Domagoj"]
[Black "Novosel, Marko"]
[Result "0-1"]
[WhiteElo "1706"]
[BlackElo "2130"]
[PlyCount "112"]
[EventDate "2021.04.06"]
[EventType "team-tourn"]
[EventRounds "11"]
[EventCountry "CRO"]
[SourceTitle "CBM 201 Extra"]
[Source "ChessBase"]
[SourceDate "2021.05.31"]
[SourceVersion "1"]
[SourceVersionDate "2021.05.31"]
[SourceQuality "1"]
[WhiteTeam "Dubrovnik U20"]
[BlackTeam "Oroslavje U20"]
[WhiteTeamCountry "CRO"]
[BlackTeamCountry "CRO"]

1. d4 Nf6 2. g3 d5 3. Bg2 e6 4. Nf3 c5 5. c3 cxd4 6. cxd4 Bd6 7. a3 0-0 8. 0-0 Nbd7 9. Nc3 a6 10. Re1 Be7 11. e3 b5 12. b4 Bb7 13. Bb2 Rc8 14. Nd2 Nb6 15. Rc1 Nc4 16. Nxc4 Rxc4 17. Qb3 Qa8 18. Bf1 h5 19. Qd1 h4 20. Bd3 hxg3 21. hxg3 g6 22. Kg2 Rcc8 23. Rh1 e5 24. Rh3 e4 25. Be2 Kg7 26. Qd2 Rh8 27. Rch1 Rxh3 28. Rxh3 Rh8 29. Rxh8 Qxh8 30. Qd1 Bc8 31. Qh1 Qd8 32. Nb1 Nh7 33. Nd2 Ng5 34. f4 exf3+ 35. Nxf3 Bf5 36. Nxg5 Bxg5 37. Kf2 Be4 38. Bf3 Qf6 39. Ke2 Qf5 40. Bxe4 dxe4 41. Bc3 Qd5 42. Bd2 Be7 43. g4 Bd6 44. Qg2 Qc4+ 45. Ke1 Qc2 46. g5 Bc7 47. Qg4 Qb1+ 48. Ke2 Qh1 49. Bc3 Qc1 50. Bd2 Qc4+ 51. Ke1 Qd5 52. Qh4 Bd8 53. Qh6+ Kg8 54. Qh3 Bxg5 55. Qc8+ Kg7 56. Bc3 Bxe3 0-1

[Event "CRO-chT U20 30th"]
[Site "Rabac"]
[Date "2021.04.06"]
[Round "2.1"]
[White "Vucenovic, Damian"]
[Black "Begic, Domagoj"]
[Result "1-0"]
[WhiteElo "2008"]
[BlackElo "1706"]
[PlyCount "51"]
[EventDate "2021.04.06"]
[EventType "team-tourn"]
[EventRounds "11"]
[EventCountry "CRO"]
[SourceTitle "CBM 201 Extra"]
[Source "ChessBase"]
[SourceDate "2021.05.31"]
[SourceVersion "1"]
[SourceVersionDate "2021.05.31"]
[SourceQuality "1"]
[WhiteTeam "Sesvete Agroproteinka U20"]
[BlackTeam "Dubrovnik U20"]
[WhiteTeamCountry "CRO"]
[BlackTeamCountry "CRO"]

1. e4 d5 2. exd5 Qxd5 3. Nc3 Qd8 4. Bc4 Nf6 5. Nf3 Bf5 6. d3 e6 7. Bf4 c6 8. Qe2 Be7 9. 0-0-0 b5 10. Bb3 Nbd7 11. Nd4 Rc8 12. Nxf5 exf5 13. Rhe1 Kf8 14. d4 Bb4 15. Rd3 Bxc3 16. Rxc3 Nb6 17. Re3 a5 18. Re7 Nbd5 19. Bxd5 Qxd5 20. f3 h6 21. Be5 Nd7 22. Bd6 Kg8 23. Rxd7 Qxa2 24. Qe5 b4 25. Qxf5 Ra8 26. Rde7 1-0

[Event "Oskarja Memorial 10th"]
[Site "Chess.com INT"]
[Date "2021.01.16"]
[Round "12"]
[White "Begic, Domagoj"]
[Black "Bozanic, Ivica"]
[Result "1-0"]
[WhiteElo "1873"]
[BlackElo "2101"]
[PlyCount "97"]
[EventDate "2021.01.16"]
[EventType "swiss (blitz)"]
[EventRounds "15"]
[EventCountry "SLO"]
[SourceTitle "CBM 200 Extra"]
[Source "ChessBase"]
[SourceDate "2021.03.31"]
[SourceVersion "1"]
[SourceVersionDate "2021.03.31"]
[SourceQuality "1"]

1. c4 f5 2. Nc3 Nf6 3. g3 d6 4. Bg2 g6 5. d4 Bg7 6. Bg5 Nbd7 7. Bxf6 Nxf6 8. Nf3 0-0 9. 0-0 c6 10. Re1 Ne4 11. e3 Nxc3 12. bxc3 e5 13. Qc2 e4 14. Nd2 Be6 15. Qb3 b5 16. Bf1 Rb8 17. Qc2 Qa5 18. cxb5 cxb5 19. Nb3 Qa4 20. Rec1 Rfc8 21. Qb2 Bc4 22. Nd2 d5 23. Bxc4 bxc4 24. Qc2 Qa3 25. Rcb1 Bf8 26. Rxb8 Rxb8 27. Rb1 Rxb1+ 28. Nxb1 Qa5 29. Qb2 Qb6 30. Qxb6 axb6 31. Kf1 Kf7 32. Ke2 g5 33. Nd2 Ke6 34. f3 h5 35. h3 exf3+ 36. Kxf3 g4+ 37. hxg4 hxg4+ 38. Ke2 Bd6 39. Kf2 Ba3 40. Ke2 Bb2 41. Nb1 Bc1 42. Nd2 Kd6 43. Kd1 Ba3 44. Nb1 Bb2 45. Kc2 Ba1 46. a4 Kc6 47. Na3 Kd6 48. Nb5+ Kc6 49. Kb1 1-0

[Event "Oskarja Memorial 10th"]
[Site "Chess.com INT"]
[Date "2021.01.16"]
[Round "5"]
[White "Begic, Domagoj"]
[Black "Lavrencic, Matic"]
[Result "1-0"]
[WhiteElo "1873"]
[BlackElo "2018"]
[PlyCount "125"]
[EventDate "2021.01.16"]
[EventType "swiss (blitz)"]
[EventRounds "15"]
[EventCountry "SLO"]
[SourceTitle "CBM 200 Extra"]
[Source "ChessBase"]
[SourceDate "2021.03.31"]
[SourceVersion "1"]
[SourceVersionDate "2021.03.31"]
[SourceQuality "1"]

1. c4 e6 2. Nc3 Bb4 3. Qb3 Ba5 4. Nf3 Nf6 5. d3 0-0 6. Bd2 d5 7. cxd5 exd5 8. e3 Nc6 9. d4 Re8 10. 0-0-0 Bf5 11. a3 Ne4 12. Nxe4 Bxe4 13. Bd3 Bxd2+ 14. Rxd2 Na5 15. Qc3 Bxd3 16. Rxd3 Nc4 17. Nd2 Nxd2 18. Rxd2 Re6 19. Kb1 Rc6 20. Qd3 Qd7 21. Rc1 Rxc1+ 22. Kxc1 c6 23. h3 Rc8 24. Rc2 g6 25. Kb1 Qc7 26. g3 Qd7 27. h4 Rc7 28. Kc1 Qe6 29. Kd2 Re7 30. b4 a6 31. a4 Qd6 32. Qc3 Qf6 33. Ke2 Qf5 34. Qd3 Qg4+ 35. Kd2 Qf3 36. Kc1 Qh1+ 37. Kb2 Qe1 38. Qc3 Qf1 39. Qd2 h5 40. Rc1 Qh3 41. Qd3 Qg2 42. Rc2 Re6 43. b5 axb5 44. axb5 Rf6 45. bxc6 bxc6 46. Qd2 Re6 47. Qa5 Kg7 48. Qc7 Rf6 49. Qe5 Qf1 50. f4 Qb5+ 51. Kc1 Qa5 52. Kd1 Qa1+ 53. Ke2 Qa6+ 54. Kf2 Qb6 55. Kf3 Qb5 56. Kf2 Qb6 57. Re2 Qb5 58. Rd2 Qb6 59. g4 hxg4 60. h5 gxh5 61. Kg3 Qb5 62. Kh4 Qf1 63. Kg5 1-0

[Event "Oskarja Memorial 10th"]
[Site "Chess.com INT"]
[Date "2021.01.16"]
[Round "11"]
[White "Begic, Domagoj"]
[Black "Peric, Bernard"]
[Result "0-1"]
[WhiteElo "1873"]
[BlackElo "2196"]
[PlyCount "96"]
[EventDate "2021.01.16"]
[EventType "swiss (blitz)"]
[EventRounds "15"]
[EventCountry "SLO"]
[SourceTitle "CBM 200 Extra"]
[Source "ChessBase"]
[SourceDate "2021.03.31"]
[SourceVersion "1"]
[SourceVersionDate "2021.03.31"]
[SourceQuality "1"]

1. c4 Nf6 2. Nc3 c5 3. Nf3 g6 4. g3 d5 5. cxd5 Nxd5 6. Bg2 Bg7 7. 0-0 Nc6 8. a3 0-0 9. Qc2 b6 10. d3 Bb7 11. Bd2 Rc8 12. Nxd5 Qxd5 13. Bc3 Nd4 14. Bxd4 cxd4 15. Qd2 Qd7 16. Rac1 h6 17. Rxc8 Rxc8 18. Rc1 Rxc1+ 19. Qxc1 e5 20. Nd2 Ba6 21. Ne4 f5 22. Nd2 Kh7 23. Qc6 Qxc6 24. Bxc6 Kg8 25. Bd5+ Kf8 26. Bc4 Bb7 27. Kf1 Ke7 28. b4 g5 29. e4 dxe3 30. fxe3 h5 31. Ke2 Bf6 32. e4 f4 33. Bd5 Bc8 34. gxf4 exf4 35. Nc4 Bd4 36. b5 g4 37. Kf1 h4 38. e5 Bf5 39. Ke2 h3 40. Nd2 g3 41. hxg3 fxg3 42. Nf3 Bg4 43. Ke1 Bxf3 44. Bxf3 g2 45. Bxg2 hxg2 46. Ke2 g1Q 47. Kf3 Qe3+ 48. Kg4 Bxe5 0-1

[Event "Oskarja Memorial 10th"]
[Site "Chess.com INT"]
[Date "2021.01.16"]
[Round "2"]
[White "Begic, Domagoj"]
[Black "Sagovac, Kristijan"]
[Result "1-0"]
[WhiteElo "1873"]
[BlackElo "1937"]
[PlyCount "103"]
[EventDate "2021.01.16"]
[EventType "swiss (blitz)"]
[EventRounds "15"]
[EventCountry "SLO"]
[SourceTitle "CBM 200 Extra"]
[Source "ChessBase"]
[SourceDate "2021.03.31"]
[SourceVersion "1"]
[SourceVersionDate "2021.03.31"]
[SourceQuality "1"]

1. c4 Nf6 2. Nc3 e6 3. g3 c6 4. Bg2 d5 5. d3 Bb4 6. Bd2 0-0 7. cxd5 cxd5 8. Nf3 Nc6 9. 0-0 Bd7 10. a3 Bd6 11. b4 a6 12. Rc1 Ne5 13. Nxe5 Bxe5 14. Qb3 Rc8 15. Nb1 Qe7 16. Bc3 Bxc3 17. Nxc3 b5 18. Nb1 Rxc1 19. Rxc1 Rc8 20. Rxc8+ Bxc8 21. Qc2 Bb7 22. Nd2 g6 23. Nb3 Kg7 24. Nc5 h5 25. h3 Ne8 26. Qb2+ f6 27. e4 dxe4 28. dxe4 Nd6 29. Nxb7 Nxb7 30. e5 f5 31. Qd4 a5 32. h4 axb4 33. axb4 Nd8 34. f4 Nf7 35. Kh2 Nh6 36. Bc6 Ng4+ 37. Kg2 Qc7 38. Qd7+ Qxd7 39. Bxd7 Ne3+ 40. Kf3 Nd5 41. Bxb5 Nxb4 42. Bd7 Kf7 43. Ke3 Nc2+ 44. Kd3 Nb4+ 45. Ke3 Nd5+ 46. Kf3 Ke7 47. Bc6 Nb4 48. Bb5 Nc2 49. Ba4 Nd4+ 50. Ke3 Kd8 51. Kxd4 Kc7 52. Kc5 1-0

[Event "Oskarja Memorial 10th"]
[Site "Chess.com INT"]
[Date "2021.01.16"]
[Round "1"]
[White "Garic, Mario"]
[Black "Begic, Domagoj"]
[Result "0-1"]
[WhiteElo "1672"]
[BlackElo "1873"]
[PlyCount "60"]
[EventDate "2021.01.16"]
[EventType "swiss (blitz)"]
[EventRounds "15"]
[EventCountry "SLO"]
[SourceTitle "CBM 200 Extra"]
[Source "ChessBase"]
[SourceDate "2021.03.31"]
[SourceVersion "1"]
[SourceVersionDate "2021.03.31"]
[SourceQuality "1"]

1. e4 e6 2. Nf3 d5 3. e5 c5 4. b4 cxb4 5. a3 bxa3 6. d4 Nc6 7. c3 Bd7 8. Bd3 h6 9. 0-0 a6 10. Nxa3 Nge7 11. Nb5 axb5 12. Rxa8 Qxa8 13. Bxb5 Nc8 14. Nd2 Be7 15. f4 g6 16. Nf3 Qa5 17. Qb3 Qb6 18. Qa4 N8a7 19. Bxc6 Bxc6 20. Qc2 Nb5 21. Bd2 Na3 22. Qd3 Nc4 23. Bc1 Qb3 24. g4 Bd7 25. f5 gxf5 26. gxf5 exf5 27. Kh1 Be6 28. Rg1 Bb4 29. Nh4 Qxc3 30. Qe2 Qxd4 0-1